Αναζητώντας τα ίχνη της ιστορίας : ιστοριογραφία, διδακτική μεθοδολογία και ιστορικές πηγές

Αποθηκεύτηκε σε:
Λεπτομέρειες βιβλιογραφικής εγγραφής
Κύριος συγγραφέας: Μαυροσκούφης, Δημήτρης Κ.
Μορφή: Βιβλίο
Γλώσσα:Greek
Δημοσίευση: θεσσαλονίκη : Κυριακίδη, c2010
Θέματα:
Ετικέτες: Προσθήκη ετικέτας
Δεν υπάρχουν, Καταχωρήστε ετικέτα πρώτοι!

MARC

LEADER 00000nam a2200000 i 4500
001 1/12485
008 110318s2010 gre d
020 |a 978-960-343-792-5 
035 |l 10109807 
040 |a GR-MY-UA  |b gre  |e aacr 
041 0 |a gre 
082 0 |a 907.2  |2 (22) 
100 1 |a Μαυροσκούφης, Δημήτρης Κ. 
245 1 0 |a Αναζητώντας τα ίχνη της ιστορίας :  |b ιστοριογραφία, διδακτική μεθοδολογία και ιστορικές πηγές /  |c Δημήτρης Κ. Μαυροσκούφης 
260 |a θεσσαλονίκη :   |b Κυριακίδη,   |c c2010 
300 |a 420 σ.;  |c 24 εκ. 
504 |a Περιέχει βιβλιογραφικές παραπομπές σ.[337-413] και ευρετήριο 
650 0 0 |a Historiography. 
650 0 0 |a History  |x Study and teaching. 
650 0 0 |a History  |x Study and teaching  |z Greece  |x History  |x Sources. 
852 |a INST  |b RHODES  |c EUDOXUS  |e 20110318  |h 907.2 ΜΑΥ  |p 005400032999  |q 005400032999  |t EDX  |y 0 
852 |a INST  |b RHODES  |c EUDOXUS  |e 20121101  |h 907.2 ΜΑΥ  |p 005400034719  |q 005400034719  |t EDX  |y 0 
901 |a BIBL4-2011-1 
901 |a BIBL4-2012-3 
909 |a Ρ  |b 163470 
909 |a Ρ  |b 176288 
920 |a ΕΥΔΟΞΟΣ  |b ΕΠΙΣΤΡΟΦΗ  |y ΡΟΔΟΣ  |z 2011-03 
920 |a ΕΥΔΟΞΟΣ  |b ΕΠΙΣΤΡΟΦΗ  |y ΡΟΔΟΣ  |z 2012-11 
970 |z 2011/03/